| 000 | 01091cam a2200277 i 4500 | ||
|---|---|---|---|
| 003 | SA-RiAUC | ||
| 005 | 20250818055703.0 | ||
| 008 | 250801s1998 su o g 000 0 ara c | ||
| 020 | _a9960618285 | ||
| 040 |
_aJO-AmJU _bara _cSA-RiAUC _erda |
||
| 043 | _aa-su--- | ||
| 082 | 0 | 4 | _a915.3122 |
| 090 |
_a915.3122 _bم د ي |
||
| 245 | 0 | 2 |
_aالمدينة المنورة : _bالبيئة والإنسان / _cتحرير محمد أحمد الرويثي، مصطفى محمد خوجلي. |
| 264 | 1 |
_aالرياض : _bدار الواحة العربية، _c1998 |
|
| 300 |
_a686 صفحة : _bصور |
||
| 336 |
_aنص _btxt _2rdacontent _3كتاب |
||
| 337 |
_aبدون وسيط _bn _2rdamedia |
||
| 338 |
_aمجلد _bnc _2rdacarrier |
||
| 651 | 7 |
_aالمدينة المنورة _xجغرافيا _2aucsh |
|
| 651 | 7 |
_aالمدينة المنورة _xالسكان _2aucsh |
|
| 700 | 1 |
_aالرويثي، محمد أحمد حميد، _d1364 هجري- _eمحرر. |
|
| 700 | 1 |
_aخوجلي، مصطفى محمد _eمحرر. |
|
| 942 |
_2ddc _cBOOK _n0 |
||
| 949 |
_aSA-JeALM _d250801 _umohamedma123 _n1 |
||
| 999 |
_c10910 _d10910 |
||